Vista normal
Vista MARC
Entrada Materia (tema-local)
Número de registros utilizados en: 7
001 - CONTROL NUMBER
- control field: 42841
003 - CONTROL NUMBER IDENTIFIER
- control field: Co-BoUCM
005 - DATE AND TIME OF LATEST TRANSACTION
- control field: 20130814193557.0
008 - FIXED-LENGTH DATA ELEMENTS
- fixed length control field: 130814|| aca||aabn | a|a d
040 ## - CATALOGING SOURCE
- Original cataloging agency: Co-BoUCM
190 ## - HEADING--TOPICAL TERM
- Topical term or geographic name as entry element: Historia de África